| 000 | 00646nam a2200181Ia 4500 | ||
|---|---|---|---|
| 005 | 20250508160344.0 | ||
| 008 | 008 250505s9999 xx 000 0 eng d | ||
| 037 | _aBooks to be hide in OPAC | ||
| 040 |
_aFEDL _beng _cFEDL |
||
| 041 |
_aeng _2eng |
||
| 084 |
_a370.7, ASI/O _qFEDL |
||
| 245 | 0 | _aFinal report of the third sub-regional workshop on teacher education | |
| 245 | 0 | _cBasic experiences - direct and indirect - for integrating theory ad practice in teacher education | |
| 260 |
_aQuezon City _bAsian Institute for Teacher Educators _c1972 |
||
| 300 | _a66p. | ||
| 942 |
_cHB _h370.7, ASI/O |
||
| 999 |
_c1363964 _d1363964 |
||